Republic or Democratic Republic of the Congo? - Statistics

General Stats
  • This quiz has been taken 2 times
  • The average score is 7 of 15
Answer Stats
Question Answer % Correct
Has a president as head of state Both
100%
Has a population higher than 20 million people DR Congo
100%
Is in war (Not with another country) DR Congo
100%
Borders Chad None
100%
Has a GDP per capita higher than $2.000 Republic of the Congo
100%
Borders the Atlantic Ocean Both
50%
Is smaller than 300.000 km² None
50%
Has been colonised by the United Kingdom None
50%
Was a colony of France Republic of the Congo
50%
Has a Christian population above 80% DR Congo
0%
Has Swahili as an official language DR Congo
0%
Has a population above 40 people per km² DR Congo
0%
Has qualified for a FIFA world cup DR Congo
0%
Borders lake Malawi None
0%
Is part of the UDEAC Republic of the Congo
0%
No matching quizzes found
Score Distribution
Percent of People with Each Score
Percentile by Number Answered
Your Score History
You have not taken this quiz